Statystyki dla Najbardziej wartościowe kluby w Azji.

Kliknij tutaj aby rozwiązać quiz!

Ogólne statystyki

  • Ten quiz został rozwiązany 12 razy
  • Średni wynik to 3 z 10

Statystyki odpowiedzi

#KlubPochodzenieWartość rynkowa% Poprawnych
2Al-Hilal
60,97 mln €
91%
1Al-Nassr
64,03 mln €
64%
3Al-Ittihad
36,28 mln €
45%
7Al-Duhail
30,75 mln €
18%
4Al-Shabab
35,60 mln €
18%
6Ettifaq FC
31,23 mln €
18%
9Al-Ain FC
27,79 mln €
9%
10Al-Jazira
27,02 mln €
9%
5Shanghai Port
33,73 mln €
9%
8Sharjah SC
29,44 mln €
9%

Rozkład punktacji

Percentyl według liczby udzielonych odpowiedzi

Procent ludzi z każdym wynikiem

Twoja historia wyników

Nie rozwiązałeś tego quizu